00802nam a2200169 a 450000100100000000500170001000800410002704000250006808200150009311000140010824000170012224502760013925001410041526000270055630000170058350000320060000003457520200930073757.0111010s1841 sp 000 0 spa d aDO-SdBNPbspacBNPHU axxxxbE77r1 aEspaña.10a[Leyes etc.]10aRecopilación de leyes de los reinos de las indias mandada imprimir y publicar por la Magestad católica del rey don Carlos II. nuestro señor, va dividida en cuatro tomos, con el índice general, y al principio de cada tomo el especial de los títulos que contiene. a5a ed.bCon aprobacion de la regencia provisional del reino. Corregida y aprobada por la Sala de Indias del Tribunal Supremo de Justica. aMadrid :bBoix,c1841. av. ;c31 cm. aLa biblioteca posee el v. 3